Rozhodovanie - základ riadenia poľnohospodárskeho podniku

Gespeichert in:
Bibliographische Detailangaben
1. Verfasser: Jassinger, Alfréd
Weitere Verfasser: Palka, Tibor
Format: Buch
Sprache:Slowakisch
Veröffentlicht: Bratislava Príroda 1985
Schriftenreihe:Ekonomika poľnohospodárstva
Tags: Tag hinzufügen
Keine Tags, Fügen Sie das erste Tag hinzu!

MARC

LEADER 00000nam a2200000 4500
001 c104591
005 20041019155132.4
041 0 |a slo 
044 |a SK 
245 1 0 |a Rozhodovanie - základ riadenia poľnohospodárskeho podniku  |c Alfréd Jassinger, Tibor Palka 
264 1 |a Bratislava  |b Príroda  |c 1985 
300 |a 295 s. 
490 1 |a Ekonomika poľnohospodárstva 
830 0 |a Ekonomika poľnohospodárstva 
100 1 |a Jassinger, Alfréd 
700 1 |a Palka, Tibor